00730nam a2200217 a 450000100100000000500170001000800410002702000150006804000250008308200200010810000340012824500840016226000640024630000200031049000180033050000550034865000300040365000320043370000290046583000180049400001112020200929162351.0091014s2005 pr 001 0 spa d a1932271228 aDO-SdBNPbspacBNPHU aPR861.44bR292t1 aRebollo-Gil, Guillermod1979-10aTeoría de conspiración /cGuillermo Rebollo-Gil ; prólogo Urayoán Noel. aSan Juan, Puerto Rico : Santo Domingo :bIsla Negra,c2005. a59 p. ;c22 cm.1 aFilo de juego aIncluye datos biográficos del autor en la solapa 4aPoesía puertorriqueña 4aLiteratura puertorriqueña12aNoel, Urayoánepról. 0aFilo de juego